01268nam a2200265 a 450000100060000000300080000600500170001400800410003102000260007203500190009804000270011704100080014408200380015211000440019024501680023426000550040230000340045749001120049165100440060365100590064783001200070694200130082699900170083995201460085662240BD-RjUL20211209081047.0170122s1985 bg a eng | c: Tk. 300.00 (Inland) a(BD-RjUL)62366 aANLbengdANLcBD-RjUL aeng 223a304.6095492021bBOG 1985 (TS) aBangladesh Bureau of Statistics917926610aBangladesh population census, 1981:bCommunity tables of all Thanas of Bogra District : Bogra Sadar and Joypurhat Sub-Division / /cBangladesh Bureau of Statistics aDhaka, :bBangladesh Bureau of Statistics, c1985 aCXIX, 595 p. :bIll ;c28 cm. aThana Series: Community tables of all Thanas of Bogra District : Bogra Sadar and Joypurhat Sub-Division / / aBangladeshzBogravcensus, 19819185215 aBangladeshzBograxPopulationvStaisticsy19819189231 aThana Series: Community tables of all Thanas of Bogra District : Bogra Sadar and Joypurhat Sub-Division / /9189232 2ddccRAR c62240d62240 00102ddc40718RAREaRUCLbRUCLcRared2017-01-23eDhaka, BBSl0oRA 304.6095492021 BOG 1985(TS)r2017-02-02 00:00:00tC-1w2017-02-02yRAR